[Event "Bouches du Rhone-ch 1617"]
[Site "Vitrolles"]
[Date "2017.02.04"]
[Round "6"]
[White "Urcun, Gael"]
[Black "Metras, Dominique"]
[Result "0-1"]
[WhiteElo "1715"]
[BlackElo "1901"]
[PlyCount "106"]
[EventDate "2016.10.01"]
[EventType "tourn"]
[EventRounds "9"]
[EventCountry "FRA"]
[SourceTitle "EXT 2024"]
[Source "ChessBase"]
[SourceDate "2023.10.10"]
[SourceVersion "1"]
[SourceVersionDate "2023.10.10"]
[SourceQuality "1"]

1. e4 Nf6 2. e5 Nd5 3. c4 Nb6 4. d4 d6 5. exd6 cxd6 6. Nc3 g6 7. Be3 Bg7 8. Rc1 0-0 9. b3 Nc6 10. d5 Ne5 11. Be2 a5 12. f4 Ned7 13. Nf3 Re8 14. 0-0 Nf6 15. Bd4 e6 16. dxe6 fxe6 17. Re1 Bd7 18. Bxf6 Bxf6 19. Qxd6 Bc6 20. Qxd8 Raxd8 21. Nb5 a4 22. c5 Nd5 23. g3 axb3 24. axb3 Ra8 25. Ne5 Ra5 26. Nxc6 bxc6 27. Nd6 Bd4+ 28. Kh1 Re7 29. Ne4 Rea7 30. Bc4 h6 31. Nd6 Ra1 32. Bxd5 exd5 33. Nc8 Rxc1 34. Rxc1 Rb7 35. b4 Kf8 36. Nb6 Ra7 37. Kg2 Ra2+ 38. Kh3 Ke8 39. Nc8 Rb2 40. Nd6+ Kd7 41. f5 gxf5 42. Nxf5 Rxb4 43. Nxh6 Be3 44. Rf1 Bxh6 45. Rf7+ Ke6 46. Rc7 Bf8 47. Rxc6+ Kd7 48. Rb6 Bxc5 49. Rg6 d4 50. Kg2 Rb2+ 51. Kf3 d3 52. h4 Rf2+ 53. Kg4 d2 0-1

[Event "Salon de Provence op 5th"]
[Site "Salon de Provence"]
[Date "2014.07.10"]
[Round "6"]
[White "Metras, Dominique"]
[Black "Hernandez, Lara"]
[Result "0-1"]
[WhiteElo "1965"]
[BlackElo "1732"]
[PlyCount "92"]
[EventDate "2014.07.05"]
[EventType "swiss"]
[EventRounds "9"]
[EventCountry "FRA"]
[SourceTitle "EXT 2015"]
[Source "ChessBase"]
[SourceDate "2014.11.20"]
[SourceVersion "1"]
[SourceVersionDate "2014.11.20"]
[SourceQuality "1"]

1. c4 Nf6 2. g3 g6 3. Bg2 Bg7 4. Nc3 0-0 5. e4 d6 6. Nge2 e5 7. d3 Nc6 8. 0-0 Nd7 9. Nd5 a5 10. Rb1 f5 11. Be3 Nf6 12. Qd2 Rf7 13. exf5 gxf5 14. Bg5 Be6 15. Nec3 Qf8 16. Rbe1 Rb8 17. f4 h6 18. Bxf6 Bxf6 19. Nxf6+ Rxf6 20. Bxc6 bxc6 21. fxe5 dxe5 22. Rxe5 Qd6 23. Rxa5 Bxc4 24. Raxf5 Rg6 25. Rd1 Qe6 26. Ra5 Rd8 27. d4 Qg4 28. b3 Bf7 29. Qe2 Qh3 30. Re5 h5 31. Qg2 Qg4 32. Re4 Qg5 33. Qd2 Qf6 34. Qf4 Qg7 35. Qxc7 Rdd6 36. Qc8+ Kh7 37. Qh3 Kg8 38. Qg2 Be6 39. Qf2 Bg4 40. Rd2 h4 41. Re8+ Kh7 42. Qf8 Qxf8 43. Rxf8 hxg3 44. hxg3 Kg7 45. Rf4 Bh5 46. Kf2 Rde6 0-1

[Event "EU-Cup 27th"]
[Site "Rogaska Slatina"]
[Date "2011.09.30"]
[Round "6"]
[White "Dzierzenga, Stefan"]
[Black "Metras, Dominique"]
[Result "0-1"]
[WhiteElo "2215"]
[BlackElo "2009"]
[PlyCount "94"]
[EventDate "2011.09.25"]
[EventType "team-swiss"]
[EventRounds "7"]
[EventCountry "SLO"]
[SourceTitle "CBM 145"]
[Source "ChessBase"]
[SourceDate "2011.11.11"]
[SourceVersion "1"]
[SourceVersionDate "2011.11.11"]
[SourceQuality "1"]
[WhiteTeam "Baden Invest"]
[BlackTeam "Marseille"]
[WhiteTeamCountry "AUT"]
[BlackTeamCountry "FRA"]

1. e4 Nf6 2. e5 Nd5 3. d4 d6 4. Nf3 g6 5. Bc4 Nb6 6. Bb3 Bg7 7. 0-0 0-0 8. c3 Nc6 9. exd6 cxd6 10. Bg5 Qc7 11. Re1 e5 12. a4 Kh8 13. Na3 a6 14. Qc1 f6 15. Bh6 Bd7 16. Qe3 Na5 17. Bxg7+ Kxg7 18. Bc2 Bxa4 19. Bd3 Bd7 20. Rad1 Rfd8 21. Nh4 Nd5 22. Qg3 Nf4 23. Bc2 Be6 24. Qe3 Nc4 25. Nxc4 Qxc4 26. g3 Nd5 27. Qd2 Ne7 28. b3 Qc7 29. f4 Bg4 30. Rc1 Rac8 31. Bd3 Qb6 32. Kg2 Nc6 33. h3 Be6 34. Be4 d5 35. fxe5 dxe4 36. exf6+ Kg8 37. Qh6 Qc7 38. c4 Rxd4 39. Nxg6 hxg6 40. Qxg6+ Kh8 41. Rxe4 Rxe4 42. Qxe4 Qd7 43. Qf4 Rd8 44. Rd1 Bxh3+ 45. Kf2 Qf5 46. Rh1 Qxf4+ 47. gxf4 Rd3 0-1

[Event "EU-Cup 27th"]
[Site "Rogaska Slatina"]
[Date "2011.09.29"]
[Round "5"]
[White "Stull, Norbert"]
[Black "Metras, Dominique"]
[Result "1/2-1/2"]
[WhiteElo "2081"]
[BlackElo "2009"]
[PlyCount "48"]
[EventDate "2011.09.25"]
[EventType "team-swiss"]
[EventRounds "7"]
[EventCountry "SLO"]
[SourceTitle "CBM 145"]
[Source "ChessBase"]
[SourceDate "2011.11.11"]
[SourceVersion "1"]
[SourceVersionDate "2011.11.11"]
[SourceQuality "1"]
[WhiteTeam "Differdange"]
[BlackTeam "Marseille"]
[WhiteTeamCountry "LUX"]
[BlackTeamCountry "FRA"]

1. c4 Nf6 2. Nc3 g6 3. e4 d6 4. d4 Bg7 5. Be2 0-0 6. Nf3 Nbd7 7. 0-0 e5 8. Re1 Re8 9. Bf1 c6 10. Rb1 Qc7 11. d5 a6 12. Bd2 Nf8 13. b4 Bd7 14. a4 Rec8 15. a5 Be8 16. Qb3 N8d7 17. Na4 b5 18. axb6 Nxb6 19. Nxb6 Qxb6 20. h3 Rcb8 21. Qc2 Qc7 22. Rbc1 Rc8 23. Qa2 Qb7 24. Bd3 Nd7 1/2-1/2

[Event "EU-Cup 27th"]
[Site "Rogaska Slatina"]
[Date "2011.09.28"]
[Round "4"]
[White "Metras, Dominique"]
[Black "Gislason, Gudmundur"]
[Result "0-1"]
[WhiteElo "2009"]
[BlackElo "2295"]
[PlyCount "46"]
[EventDate "2011.09.25"]
[EventType "team-swiss"]
[EventRounds "7"]
[EventCountry "SLO"]
[SourceTitle "CBM 145"]
[Source "ChessBase"]
[SourceDate "2011.11.11"]
[SourceVersion "1"]
[SourceVersionDate "2011.11.11"]
[SourceQuality "1"]
[WhiteTeam "Marseille"]
[BlackTeam "Bolungarvik"]
[WhiteTeamCountry "FRA"]
[BlackTeamCountry "ISL"]

1. d4 Nf6 2. c4 g6 3. Nc3 d5 4. cxd5 Nxd5 5. Nf3 Bg7 6. Qb3 Nb6 7. Bf4 Be6 8. Qc2 Nc6 9. e3 0-0 10. a3 Rc8 11. Bd3 Na5 12. b4 Nb3 13. Rb1 c5 14. bxc5 Nxc5 15. Qe2 Nxd3+ 16. Qxd3 Bc4 17. Qd2 Ba6 18. Ne2 Nd5 19. Rb2 Bxe2 20. Kxe2 Nc3+ 21. Kf1 Qa5 22. g3 Qd5 23. Kg2 g5 0-1

[Event "EU-Cup 27th"]
[Site "Rogaska Slatina"]
[Date "2011.09.26"]
[Round "2"]
[White "Haba, Petr"]
[Black "Metras, Dominique"]
[Result "1-0"]
[WhiteElo "2502"]
[BlackElo "2009"]
[PlyCount "55"]
[EventDate "2011.09.25"]
[EventType "team-swiss"]
[EventRounds "7"]
[EventCountry "SLO"]
[SourceTitle "CBM 145"]
[Source "ChessBase"]
[SourceDate "2011.11.11"]
[SourceVersion "1"]
[SourceVersionDate "2011.11.11"]
[SourceQuality "1"]
[WhiteTeam "Novy Bor"]
[BlackTeam "Marseille"]
[WhiteTeamCountry "CZE"]
[BlackTeamCountry "FRA"]

1. d4 Nf6 2. c4 g6 3. Nc3 d5 4. cxd5 Nxd5 5. e4 Nxc3 6. bxc3 Bg7 7. Nf3 0-0 8. Rb1 c5 9. Be2 Nc6 10. d5 Ne5 11. Nxe5 Bxe5 12. Qd2 Qc7 13. f4 Bg7 14. 0-0 a6 15. c4 Bd4+ 16. Kh1 Bd7 17. Bb2 Bxb2 18. Rxb2 Rad8 19. Rfb1 Bc8 20. a4 e6 21. e5 exd5 22. cxd5 Qd7 23. d6 Qxa4 24. Rb6 Bf5 25. Rc1 Be4 26. Kg1 h5 27. Kf2 Rd7 28. Rc4 1-0

[Event "Provence-ch 0506"]
[Site "Provence"]
[Date "2006.04.08"]
[Round "7"]
[White "Ferrero, Patrick"]
[Black "Metras, Dominique"]
[Result "0-1"]
[WhiteElo "2031"]
[BlackElo "2079"]
[PlyCount "60"]
[EventDate "2005.11.05"]
[EventType "tourn"]
[EventRounds "9"]
[EventCountry "FRA"]
[SourceTitle "EXT 2007"]
[Source "ChessBase"]
[SourceDate "2006.11.23"]
[SourceVersion "1"]
[SourceVersionDate "2006.11.23"]
[SourceQuality "1"]

1. d4 d5 2. Nf3 Nf6 3. Bf4 e6 4. c4 Bd6 5. Ne5 Nh5 6. e3 Nxf4 7. exf4 c6 8. Bd3 dxc4 9. Bxc4 Qf6 10. Qg4 Nd7 11. Nd2 Nb6 12. Ne4 Bb4+ 13. Kf1 Qh6 14. a3 Be7 15. Nd2 Nxc4 16. Ndxc4 0-0 17. Rd1 Rd8 18. Rd3 Qh4 19. Qxh4 Bxh4 20. g4 Be7 21. Ke2 f6 22. Nf3 b6 23. Rc1 Ba6 24. Kd2 Rd7 25. Re3 Kf7 26. Nfe5+ fxe5 27. Nxe5+ Ke8 28. Nxd7 Kxd7 29. Rce1 Bc4 30. f5 Bg5 0-1

[Event "FRA-ch Accession"]
[Site "Aix les Bains"]
[Date "2003.08.21"]
[Round "5"]
[White "Metras, Dominique"]
[Black "Derieux, Christian"]
[Result "0-1"]
[WhiteElo "2051"]
[BlackElo "2207"]
[PlyCount "110"]
[EventDate "2003.08.19"]
[EventType "swiss"]
[EventRounds "11"]
[EventCountry "FRA"]
[SourceTitle "EXT 2004"]
[Source "ChessBase"]
[SourceDate "2003.11.25"]
[SourceVersion "1"]
[SourceVersionDate "2003.11.25"]
[SourceQuality "1"]

1. c4 Nf6 2. g3 c5 3. Bg2 d5 4. cxd5 Nxd5 5. Nc3 Nc7 6. d3 e5 7. Nf3 Nc6 8. 0-0 Be7 9. Be3 0-0 10. Qd2 f6 11. Rac1 Be6 12. Ne1 Qd7 13. f4 exf4 14. Bxf4 Nd5 15. Nxd5 Bxd5 16. b3 Bxg2 17. Nxg2 Rad8 18. Be3 b6 19. Nh4 Rfe8 20. Nf3 Bf8 21. Bf2 Ne5 22. Qf4 Ng4 23. Rc4 Rxe2 24. Qxg4 Qxg4 25. Rxg4 Rxd3 26. Ne1 Rdd2 27. a4 Rb2 28. Nd3 Rbc2 29. Rf4 Red2 30. Ne1 Rc3 31. Rf3 Rxf3 32. Nxf3 Rd3 33. Kg2 Rxb3 34. Ra1 a6 35. Ra2 Kf7 36. Nd2 Rd3 37. Kf1 Rd7 38. Rb2 f5 39. Ke2 Rb7 40. Kd3 b5 41. Nf3 Be7 42. Rb1 Ke6 43. Be3 Kd5 44. Bg5 Bxg5 45. Nxg5 h6 46. Nf3 c4+ 47. Kc3 Kc5 48. axb5 axb5 49. Re1 Rd7 50. Re5+ Rd5 51. Rxd5+ Kxd5 52. Nh4 Ke4 53. Ng6 Kf3 54. Ne7 f4 55. Nf5 Kg4 0-1

[Event "Martinez op-A"]
[Site "Cannes"]
[Date "2000.07.31"]
[Round "3"]
[White "Metras, Dominique"]
[Black "Prats Rodriguez, Juan Bosco"]
[Result "1/2-1/2"]
[WhiteElo "2035"]
[BlackElo "2079"]
[PlyCount "159"]
[EventDate "2000.07.29"]
[EventType "swiss"]
[EventRounds "9"]
[EventCountry "FRA"]
[SourceTitle "EXT 2001"]
[Source "ChessBase"]
[SourceDate "2000.11.22"]
[SourceVersion "1"]
[SourceVersionDate "2000.11.22"]
[SourceQuality "1"]

1. c4 e5 2. Nc3 Nc6 3. g3 g6 4. Bg2 Bg7 5. e4 d6 6. d3 Nge7 7. Nge2 Be6 8. 0-0 Qd7 9. Nd5 0-0 10. Bg5 f6 11. Be3 f5 12. Qd2 Rf7 13. Rab1 Raf8 14. f4 Nd4 15. Bxd4 exd4 16. Qa5 Nc8 17. Qd2 c6 18. Nb4 fxe4 19. Bxe4 Bh3 20. Rf2 Ne7 21. Nc2 d5 22. cxd5 Nxd5 23. Ncxd4 Bxd4 24. Nxd4 Nxf4 25. Nf3 Ne6 26. Ne5 Rxf2 27. Qxf2 Qg7 28. Nf3 Ng5 29. Qe3 Nxf3+ 30. Bxf3 Qf7 31. Bg2 Qxa2 32. Rf1 Rxf1+ 33. Bxf1 Bxf1 34. Qe8+ Kg7 35. Qe5+ Kf7 36. Kxf1 Qb1+ 37. Kg2 Qc2+ 38. Kg1 b6 39. Qc7+ Ke6 40. Qxa7 Qc1+ 41. Kg2 Qxb2+ 42. Kg1 Qb1+ 43. Kg2 h5 44. Qc7 Qc2+ 45. Kg1 b5 46. Qc8+ Kd6 47. Qd8+ Kc5 48. Qg5+ Kb6 49. Qd8+ Kc5 50. Qg5+ Kd4 51. Qf6+ Kxd3 52. Qxg6+ Kd2 53. Qxh5 b4 54. Qh6+ Kd1 55. Qd6+ Qd2 56. Qxc6 b3 57. Qf3+ Kc2 58. Qf5+ Kc1 59. Qc5+ Kb1 60. Qf5+ Qc2 61. Qa5 b2 62. h4 Kc1 63. Qg5+ Qd2 64. Qc5+ Kd1 65. Qh5+ Kc2 66. Qc5+ Qc3 67. Qf5+ Qd3 68. Qf2+ Kc3 69. Qc5+ Qc4 70. Qe3+ Kb4 71. Qb6+ Ka3 72. Qa5+ Qa4 73. Qc5+ Ka2 74. Qd5+ Ka1 75. Qe5 Qd1+ 76. Kg2 Kb1 77. Kh3 Kc1 78. Qc5+ Qc2 79. Qg1+ Kd2 80. Qf2+ 1/2-1/2

[Event "Martinez op-A"]
[Site "Cannes"]
[Date "2000.07.30"]
[Round "2"]
[White "Laurent, Julien G"]
[Black "Metras, Dominique"]
[Result "1/2-1/2"]
[WhiteElo "2114"]
[BlackElo "2035"]
[PlyCount "124"]
[EventDate "2000.07.29"]
[EventType "swiss"]
[EventRounds "9"]
[EventCountry "FRA"]
[SourceTitle "EXT 2001"]
[Source "ChessBase"]
[SourceDate "2000.11.22"]
[SourceVersion "1"]
[SourceVersionDate "2000.11.22"]
[SourceQuality "1"]

1. Nf3 Nf6 2. c4 e6 3. d4 d5 4. Nc3 Be7 5. Bg5 0-0 6. e3 h6 7. Bh4 b6 8. cxd5 Nxd5 9. Nxd5 exd5 10. Bxe7 Qxe7 11. Be2 Be6 12. 0-0 c5 13. Rc1 Nd7 14. Qa4 Rfc8 15. Rc2 Bf5 16. Rd2 Nf6 17. Ne5 Ne4 18. Rdd1 f6 19. Nd3 c4 20. Nf4 Bd7 21. Qc2 Bc6 22. Bf3 g5 23. Bxe4 Qxe4 24. Qxe4 dxe4 25. Ne2 f5 26. d5 Bd7 27. Rd4 b5 28. g4 Re8 29. Ng3 Re5 30. gxf5 Bxf5 31. d6 Rd8 32. Nxf5 Rxf5 33. Rfd1 Re5 34. a4 a6 35. d7 Kf7 36. R1d2 Ke7 37. Kg2 bxa4 38. Rxc4 Rxd7 39. Rdc2 Re6 40. Rxa4 Rb7 41. Kg3 Kf6 42. h4 Rb5 43. h5 Kf5 44. Rac4 Reb6 45. Rc5+ Rxc5 46. Rxc5+ Ke6 47. Ra5 Kf6 48. b3 Ke6 49. Kg2 Kf6 50. Kf1 g4 51. Kg2 Rxb3 52. Kg3 Rb5 53. Rxa6+ Kg5 54. Re6 Rf5 55. Rxe4 Rf3+ 56. Kg2 Kxh5 57. Re8 Rf6 58. e4 Kg5 59. e5 Rf7 60. e6 Rg7 61. f4+ gxf3+ 62. Kxf3 Kf6 1/2-1/2

[Event "Martinez op-A"]
[Site "Cannes"]
[Date "2000.07.29"]
[Round "1"]
[White "Metras, Dominique"]
[Black "Daurelle, Herve"]
[Result "0-1"]
[WhiteElo "2035"]
[BlackElo "2201"]
[PlyCount "57"]
[EventDate "2000.07.29"]
[EventType "swiss"]
[EventRounds "9"]
[EventCountry "FRA"]
[SourceTitle "EXT 2001"]
[Source "ChessBase"]
[SourceDate "2000.11.22"]
[SourceVersion "1"]
[SourceVersionDate "2000.11.22"]
[SourceQuality "1"]

1. c4 e6 2. Nc3 d5 3. cxd5 exd5 4. d4 c5 5. Nf3 Nc6 6. Bg5 Be7 7. Bxe7 Ngxe7 8. e3 c4 9. Be2 0-0 10. 0-0 b5 11. a3 Rb8 12. e4 Na5 13. Qe1 Nb3 14. Rd1 Re8 15. exd5 Bf5 16. Ne5 f6 17. f4 fxe5 18. dxe5 Bc2 19. Bg4 Bxd1 20. Qxd1 Nc5 21. d6 Nd3 22. Qf3 Ng6 23. g3 Kh8 24. Qd5 Qb6+ 25. Kg2 Qe3 26. Qe4 Qd2+ 27. Ne2 Ndxe5 28. fxe5 Rxe5 29. Qc6 0-1

[Event "Provence-ch 9900"]
[Site "France"]
[Date "2000.02.25"]
[Round "6"]
[White "Humeau, Cyril"]
[Black "Metras, Dominique"]
[Result "0-1"]
[WhiteElo "2060"]
[BlackElo "2035"]
[PlyCount "76"]
[EventDate "1999.??.??"]
[EventType "tourn"]
[EventRounds "9"]
[EventCountry "FRA"]
[SourceTitle "EXT 2005"]
[Source "ChessBase"]
[SourceDate "2004.11.15"]
[SourceVersion "1"]
[SourceVersionDate "2004.11.15"]
[SourceQuality "1"]

1. e4 c5 2. Nf3 d6 3. d4 cxd4 4. Nxd4 Nf6 5. Nc3 a6 6. Bg5 e6 7. f4 Be7 8. Qf3 Qc7 9. 0-0-0 Nbd7 10. g4 b5 11. Bxb5 axb5 12. Ndxb5 Qb6 13. Nxd6+ Bxd6 14. Rxd6 Qxd6 15. e5 Qa6 16. exf6 gxf6 17. Bh4 Bb7 18. Ne4 Bxe4 19. Qxe4 Qxa2 20. Rd1 Rd8 21. Rd3 Qa1+ 22. Kd2 Qxb2 23. f5 Ke7 24. g5 Qe5 25. gxf6+ Ke8 26. Qb4 Qc5 27. Qb7 Qxf5 28. Qb4 Qc5 29. Qa4 Rg8 30. Bg3 Rg5 31. Ke2 Rd5 32. Bf4 Rxd3 33. cxd3 Rc8 34. Qe4 Nxf6 35. Qa4+ Nd7 36. Qe4 Qf5 37. Qb7 Rc2+ 38. Bd2 Qa5 0-1